00290nam a2200121Ia 4500008004100000100002900041245003900070260001700109300000800126650001000134942000700144999001700151190216s9999||||xx |||||||||||||| ||und|| aYadvendramsharma Chandra 0aHindi- Dalit Narividroh Ki Kahnian bSarikac2008 a128 aHindi cBK c16456d16456